Villes françaises et leur distance aux autres villes - Statistiques

Statistiques générales
  • Ce quiz a été pris 356 fois
  • Le résultat moyen est 5 sur 10
Statistiques - réponses
ville recherchée population kilomètre avec la ville référence % Correct
Valence 65 000 Lyon : 95 KmMarseille : 184 Km Dijon : 267 Km Toulouse : 314 Km Orléans : 402 Km
74%
Colmar 68 000 Strasbourg : 59 KmDijon : 196 Km Lyon : 325 Km Paris : 382 Km Orléans : 408 Km
69%
Chalon-sur-Saône 45 000 Dijon : 62 Km Lyon : 114 Km Orléans : 253 Km Strasbourg : 295 Km Paris : 298 Km
60%
Poitiers 90 000 Nantes : 162 KmOrléans : 186 Km Bordeaux : 205 Km Rennes : 229 Km Paris : 294 Km
60%
Saint-Malo 47 000 Rennes : 63 KmNantes : 160 Km
Rouen : 241 Km Orléans : 301 Km Paris : 318 Km
60%
Carcassonne 46 000 Toulouse : 85 KmMarseille : 247 Km Bordeaux : 297 Km Lyon : 347 Km Orléans : 521 Km
55%
Pau 77 000 Toulouse : 147 Km Bordeaux : 172 Km Nantes : 445 Km Marseille : 464 Km Lyon : 493 Km
55%
Saint-Quentin 53 000 Lille : 89 KmParis : 129 Km Rouen : 164 Km Orléans : 240 Km Dijon : 309 Km
43%
Boulogne-sur-Mer 41 000 Lille : 102 KmRouen : 148 Km Paris : 214 Km Orléans : 317 Km Rennes : 376 Km
38%
Fréjus 57 000 Marseille : 113 KmAjaccio : 233 Km Lyon : 298 Km Toulouse : 430 Km Dijon : 449 Km
35%
Aucun quiz correspondant
Distribution des résultats
% des personnes avec chaque résultat
Percentile par nombre de réponses
Votre historique - résultats
Vous n’avez pas pris ce quiz